|
|
|
|
| LEADER |
00944nam a2200301 4500 |
| 001 |
DLU090095871 |
| 005 |
##20091201 |
| 040 |
# |
# |
|a DLU
|b eng
|
| 041 |
# |
# |
|a eng
|
| 044 |
# |
# |
|a us
|
| 245 |
# |
# |
|a The index of attitudes toward homosexuals 30 years later : A psychometric study /
|c Darcy Clay Siebert ... [et al.].
|
| 653 |
# |
# |
|a Measurement
|
| 653 |
# |
# |
|a Negative attitudes toward homosexuality
|
| 653 |
# |
# |
|a Psychometric analysis
|
| 700 |
# |
# |
|a Chonody, Jill.
|
| 700 |
# |
# |
|a Killian, Michael.
|
| 700 |
# |
# |
|a Rutledge, Scott Edward.
|
| 700 |
# |
# |
|a Siebert, Darcy Clay
|
| 773 |
# |
# |
|t Research on Social Work Practice
|g Vol. 19, no. 2 (March 2009), p. 214-220
|
| 920 |
# |
# |
|a Phòng Tạp chí -- Trung tâm Thông tin - Thư viện Trường Đại học Đà Lạt
|
| 994 |
# |
# |
|a DLU
|
| 900 |
# |
# |
|a True
|
| 911 |
# |
# |
|a Trương Bảo Trâm Anh
|
| 925 |
# |
# |
|a G
|
| 926 |
# |
# |
|a A
|
| 927 |
# |
# |
|a BB
|
| 980 |
# |
# |
|a Thư viện Trường Đại học Đà Lạt
|